000 00395nam a2200133Ia 4500
008 100328s9999 xx 000 0 und d
082 _b66161
100 _aसावंत वि.कृ.
245 _aबकुळीची फुलं.
260 _bमाुश्री.
630 _aबकुळीची फुलं.
730 _aबकुळीची फुलं.
942 _cBOOK
999 _c551905
_d551902